Fight Club : a novel /

The rise of a terrorist organization, led by a waiter who enjoys spitting in people's soup. He starts a fighting club, where men bash each other, and the club quickly gains in popularity. It becomes the springboard for a movement devoted to destruction for destruction's sake.

Bibliographic Details
Main Author: Palahniuk, Chuck
Format: Book
Language:English
Published: New York : W.W. Norton & Company, [1996]
Edition:1st ed.
Subjects:

MARC

Tag First Indicator Second Indicator Subfields
LEADER 00000cam a2200000 a 4500
001 in00002642321
005 20191127024423.0
008 951027s1996 nyu 000 f eng
010 |a  95047591  
020 |a 0393039765 
020 |a 9780393039764 
035 |a (OCoLC)ocm33440073 
040 |a DLC  |c DLC  |d UtOrBLW 
043 |a n-us--- 
049 |a TXAM 
050 0 0 |a PS3566.A4554  |b F54 1996 
082 0 0 |a 813/.54  |2 20 
100 1 |a Palahniuk, Chuck. 
245 1 0 |a Fight Club :  |b a novel /  |c by Chuck Palahniuk. 
250 |a 1st ed. 
264 1 |a New York :  |b W.W. Norton & Company,  |c [1996] 
264 4 |c ©1996 
300 |a 208 pages ;  |c 22 cm. 
336 |a text  |b txt  |2 rdacontent 
337 |a unmediated  |b n  |2 rdamedia 
338 |a volume  |b nc  |2 rdacarrier 
520 |a The rise of a terrorist organization, led by a waiter who enjoys spitting in people's soup. He starts a fighting club, where men bash each other, and the club quickly gains in popularity. It becomes the springboard for a movement devoted to destruction for destruction's sake. 
650 0 |a Millennialism  |v Fiction. 
650 0 |a Young men  |v Fiction. 
650 0 |a Apocalyptic fantasies. 
650 0 |a Science fiction. 
945 |a PromptCat  |b 147963 
946 |a stk 
947 |a A14839782521 
948 |a cataloged  |b h  |c 2010/11/24  |d c  |e dmitchel  |f 12:44:28 pm 
994 |a 92  |b TXA 
999 |a MARS 
999 f f |s baf16855-d442-3640-a591-788a8040dd41  |i 9c78a1fb-2c3e-35f9-8990-5e7710705295  |t 0 
952 f f |p normal  |a Texas A&M University  |b College Station  |c Sterling C. Evans Library  |s Evans stk  |d Evans: Library Stacks  |t 0  |e PS3566.A4554 F54 1996  |h Library of Congress classification  |i unmediated -- volume  |m A14839782521 
998 f f |a PS3566.A4554 F54 1996  |t 0  |l Evans: Library Stacks